<?xml version="1.0" encoding="UTF-8"?><record xmlns="http://www.loc.gov/MARC21/slim" xmlns:zs="http://docs.oasis-open.org/ns/search-ws/sruResponse">
  <leader>01509cz  a2200277n  4500</leader>
  <controlfield tag="001">n  85136847 </controlfield>
  <controlfield tag="003">DLC</controlfield>
  <controlfield tag="005">20240518064538.0</controlfield>
  <controlfield tag="008">860425n| azannaabn          |a aaa      </controlfield>
  <datafield ind1=" " ind2=" " tag="010">
    <subfield code="a">n  85136847 </subfield>
  </datafield>
  <datafield ind1=" " ind2=" " tag="035">
    <subfield code="a">(OCoLC)oca01565076</subfield>
  </datafield>
  <datafield ind1=" " ind2=" " tag="040">
    <subfield code="a">DLC</subfield>
    <subfield code="b">eng</subfield>
    <subfield code="e">rda</subfield>
    <subfield code="c">DLC</subfield>
    <subfield code="d">DLC</subfield>
    <subfield code="d">PPi-MA</subfield>
    <subfield code="d">DLC</subfield>
    <subfield code="d">ICrlF</subfield>
    <subfield code="d">DLC</subfield>
    <subfield code="d">UPB</subfield>
    <subfield code="d">NNYU-HJ</subfield>
    <subfield code="d">ScU</subfield>
    <subfield code="d">InU</subfield>
  </datafield>
  <datafield ind1=" " ind2=" " tag="046">
    <subfield code="f">1924-05-02</subfield>
    <subfield code="g">2015-07-21</subfield>
    <subfield code="2">edtf</subfield>
  </datafield>
  <datafield ind1="1" ind2=" " tag="100">
    <subfield code="a">Bikel, Theodore</subfield>
  </datafield>
  <datafield ind1=" " ind2=" " tag="370">
    <subfield code="a">Vienna (Austria)</subfield>
    <subfield code="b">Los Angeles (Calif.)</subfield>
    <subfield code="c">United States</subfield>
    <subfield code="2">naf</subfield>
  </datafield>
  <datafield ind1=" " ind2=" " tag="372">
    <subfield code="a">Acting</subfield>
    <subfield code="a">Singing</subfield>
    <subfield code="2">lcsh</subfield>
  </datafield>
  <datafield ind1=" " ind2=" " tag="374">
    <subfield code="a">Actors</subfield>
    <subfield code="a">Singers</subfield>
    <subfield code="2">lcdgt</subfield>
  </datafield>
  <datafield ind1=" " ind2=" " tag="377">
    <subfield code="a">eng</subfield>
  </datafield>
  <datafield ind1=" " ind2=" " tag="378">
    <subfield code="q">Theodore Meir</subfield>
  </datafield>
  <datafield ind1="1" ind2=" " tag="400">
    <subfield code="a">Bikel, Theo</subfield>
  </datafield>
  <datafield ind1="1" ind2=" " tag="400">
    <subfield code="a">Bickel, Theodore</subfield>
  </datafield>
  <datafield ind1=" " ind2=" " tag="670">
    <subfield code="a">Favorite Yiddish songs, 1986:</subfield>
    <subfield code="b">CIP t.p. (introd. by Theodore Bikel)</subfield>
  </datafield>
  <datafield ind1=" " ind2=" " tag="670">
    <subfield code="a">Baker, 8th ed.</subfield>
    <subfield code="b">(Bikel, Theodore; b. May 2, 1924 in Vienna, Austria; Austrian-American singer, actor)</subfield>
  </datafield>
  <datafield ind1=" " ind2=" " tag="670">
    <subfield code="a">IMDb, Dec. 9, 2009</subfield>
    <subfield code="b">(Theodore Bikel; born Theodor Meir Bikel on May 2, 1924 in Vienna, Austria; birth name; nickname, Theo)</subfield>
  </datafield>
  <datafield ind1=" " ind2=" " tag="670">
    <subfield code="a">London, Jack. Call of the wild [SR] 2013:</subfield>
    <subfield code="b">publisher supplied information (Theodore Bickel; narrator)</subfield>
  </datafield>
  <datafield ind1=" " ind2=" " tag="670">
    <subfield code="a">The New York times</subfield>
    <subfield code="b">obituary published July 21, 2015 (Theodore Bikel; born Theodor Meir Bikel on May 2, 1924 in Vienna, Austria; his family moved to Mandatory Palestine; in 1946, he moved to London, Eng. to study at the Royal Academy of Dramatic Art; made his Broadway debut in 1955; d. Tuesday [July 21, 2015] in Los Angeles, Calif.; character actor, social activist; sang in 21 languages)</subfield>
  </datafield>
</record>
